000 00698cam a2200181 4500
001 X110852
008 000000n2000 000 0 eng u
035 _a(Sirsi) u110852
245 _aHotel Services Ltd v Hilton International Hotels (UK) Ltd
260 _c2000
490 _aConstruction Industry Law Letter
_v[2000] CILL 1686-1688(3)
520 _aCA 15 March 2000. Exemption of liability for indirect or consequentia loss or meaning of indirect of consequential loss. (Taken from headnote)
650 _aHOTEL SERVICES LTD V HILTON INTERNATIONAL HOTEL (UK) LTD
650 _aCONSEQUENTIAL LOSS
650 _aINDIRECT LOSS
690 _aBUILDING AND CONSTRUCTION-CASE LAW
942 _n0
999 _c66083
_d66083